000
00246nam a22001097a 4500
008
170117b xxu||||| |||| 00| 0 eng d
020
_a
9780397547227
041
_a
eng
080
_2
4TH
_a
618.2
245
_a
NCLEX-RN
_c
MCCONNELL, W
942
_2
udc
_c
BK
999
_c
2994
_d
2994